| 000 | 00474nam a2200205Ia 4500 | ||
|---|---|---|---|
| 008 | 210210b1928 xxu||||| |||| 00| 0 eng d | ||
| 041 | _aeng | ||
| 082 | _a821/481 | ||
| 100 | _aNEWBOLT (Henry) | ||
| 245 | _aNew paths on helicon: Part I | ||
| 260 |
_aLondon _bThomas Nelson and Sons Limited _c1928 |
||
| 650 | _apaths | ||
| 650 | _aPart | ||
| 650 | _aon | ||
| 650 | _aNew | ||
| 650 | _aI | ||
| 650 | _ahelicon: | ||
| 690 | _aEnglish Literature | ||
| 906 | _a011650 | ||
| 999 |
_c130338 _d130338 |
||